Svenska filmer på danska och norska - Statistics

General Stats
  • This quiz has been taken 30 times
  • The average score is 4 of 10
Answer Stats
Dansk/norsk titel Svensk titel % Correct
Alle vi barna i Bakkebygrenda Alla vi barn i Bullerbyn
95%
Pelle Haleløs Pelle Svanslös
95%
Ondskapen Ondskan
90%
Tapere i Tallinn Torsk på Tallinn
38%
Guitarmongolen Gitarrmongot
29%
Hvordan man gjør gutter av menn Repmånad eller Hur man gör pojkar av män
19%
Ravnekvarteret Kvarteret Korpen
14%
Hul i broho'det Att angöra en brygga
10%
De glade tyveårene Jazzgossen
5%
Ved vejs ende Smultronstället
5%
No matching quizzes found
Score Distribution
Percent of People with Each Score
Percentile by Number Answered
Your Score History
You have not taken this quiz